000
00227nam a2200109Ia 4500
100
_a
#N/A
942
_c
BK
654
_a
metrology
245
_a
Renishaw Metrology Systems Private Ltd
260
_b
#N/A
_c
2004
546
_a
ENGLISH
999
_c
24697
_d
24697